000 00426pab a2200157 454500
008 180718b2014 xxu||||| |||| 00| 0 eng d
100 _aSurendra Kumar
245 _aConvergence in electricity consumption in India: a state level analysis
260 _c2014
300 _ap.173-192.
362 _aJul-Dec
650 _aElectricity - India
650 _aElectricity
773 _aIndian Economic Review
909 _a112672
999 _c112667
_d112667